Political Groups in the European Parliament - Statistics

General Stats
  • This quiz has been taken 167 times
  • The average score is 6 of 8
Answers on the Map
Answers color-coded by a green-red scale on the quiz's map according to % correct below.
 
Answer Stats
Answer % Correct
The Greens/European Free Alliance
89%
The Left
81%
European People's Party Group
79%
Progressive Alliance of Socialists and Democrats
74%
Renew Europe
68%
European Conservatives and Reformists
64%
Identity and Democracy
59%
Non-Inscrits
46%
No matching quizzes found
Score Distribution
Percent of People with Each Score
Percentile by Number Answered
Your Score History
You have not taken this quiz